000 01326cam a22003737a 4500
003 CHAP
005 20220329142313.0
008 000525d2000 mx a r 00110 spa d
010 _a81320
011 _a82292
035 _a92781
040 _cCHAP
090 _aTesis
100 0 0 _aDelgado Matus, Juan Carlos.
_931633
245 1 3 _aLa guanabana (Annona muricata L.) su manejo agronómico-avances recientes
_c/por Juan Carlos Delgado Matus
260 _aChapingo, Méx. :
_bEl autor,
_c2000.
300 _a92 h.
_bilus.
502 _aTesis (Ing. Agr. Esp. en Zonas Tropicales) -- UACH. Dirección de Centros Regionales Universitarios
590 _aALEPH
_b10
_c20130110
_lUCH01
_h1435
590 _aBATCH-UPD
_b10
_c20130110
_lUCH01
_h0305
590 _aBATCH-UPD
_b10
_c20130110
_lUCH01
_h1810
590 _aBATCH-UPD
_b10
_c20130409
_lUCH01
_h2337
590 _aBATCH-UPD
_b10
_c20130914
_lUCH01
_h1139
590 _aCONVERSION
_b10
_c20130109
_lUCH01
_h1345
650 1 4 _aGuanábana.
_950993
650 1 4 _aGuanábana
_xCostos de producción.
_950994
650 1 4 _aGuanábana
_xInjertos.
_950995
650 1 4 _aGuanábana
_xPlagas.
_950998
901 _aBK
905 _aMayto Villalobos S.
942 _cFOLL
949 _bBC
_cTES
_d33724000780425
_eTS2
_fc.2
_h36256
_i92781
_si
949 _bBC
_cTES
_d927811
_eTS1
_h36255
_i92781
_sb
999 _c81320
_d81320